হু কিলড মুজিব / (Record no. 74155)
[ view plain ]
| 000 -LEADER | |
|---|---|
| fixed length control field | 01188nam a2200265 a 4500 |
| 001 - CONTROL NUMBER | |
| control field | 74155 |
| 003 - CONTROL NUMBER IDENTIFIER | |
| rucl marc code | BD-RjUL |
| 005 - DATE AND TIME OF LATEST TRANSACTION | |
| control field | 20211209082513.0 |
| 008 - FIXED-LENGTH DATA ELEMENTS--GENERAL INFORMATION | |
| fixed length control field | 180311r20162014bg a|||| |||| 00| 0 ben d |
| 020 ## - INTERNATIONAL STANDARD BOOK NUMBER | |
| International Standard Book Number | 9789848962190 |
| 035 ## - SYSTEM CONTROL NUMBER | |
| System control number | (BD-RjUL)74373 |
| 040 ## - CATALOGING SOURCE | |
| Original cataloging agency | BD-RjUL |
| Language of cataloging | ben |
| Transcribing agency | BD-RjUL |
| Modifying agency | BD-RjUL |
| 041 ## - LANGUAGE CODE | |
| Language code of text/sound track or separate title | ben |
| 082 ## - DEWEY DECIMAL CLASSIFICATION NUMBER | |
| Edition number | 23 |
| Author mark and year | KHW 2016 |
| Classification number | 954.9205092 |
| 100 1# - MAIN ENTRY--PERSONAL NAME | |
| Personal name | খতিব, এ.এল. |
| 9 (RLIN) | 220476 |
| 245 1# - TITLE STATEMENT | |
| Title | হু কিলড মুজিব / |
| Statement of responsibility, etc. | এ.এল. খতিব; সম্পাদনা ফরিদ আহমদ দুলাল |
| 260 ## - PUBLICATION, DISTRIBUTION, ETC. (IMPRINT) | |
| Place of publication, distribution, etc. | ঢাকা : |
| Name of publisher, distributor, etc. | আবিষ্কার, |
| Date of publication, distribution, etc. | ২০১৪ [মুদ্রণ ২০১৬] |
| 300 ## - PHYSICAL DESCRIPTION | |
| Pagination | ২৫৬ পৃ. : |
| Illustrations | চিত্র ; |
| Size | ২০ সেমি. |
| 600 ## - SUBJECT ADDED ENTRY--PERSONAL NAME | |
| Personal name | মুজিবুর রহমান, |
| Titles and other words associated with a name | শেখ, |
| Dates associated with a name | ১৯২০-১৯৭৫ |
| Personal name | Mujibur Rahman, |
| Titles and other words associated with a name | Sheikh, |
| Dates associated with a name | 1920-1975 |
| 650 ## - SUBJECT ADDED ENTRY--TOPICAL TERM | |
| Topical term or geographic name as entry element | বাংলাদেশ |
| 9 (RLIN) | 220478 |
| General subdivision | রাজনীতি এবং সরকার |
| Chronological subdivision | ১৯৭১- |
| Topical term or geographic name as entry element | Bangladesh |
| General subdivision | Politics and government|y |
| Chronological subdivision | 1971- |
| 9 (RLIN) | 220485 |
| 700 ## - ADDED ENTRY--PERSONAL NAME | |
| Personal name | দুলাল, ফরিদ আহমদ সম্পাদনা |
| 942 ## - ADDED ENTRY ELEMENTS (KOHA) | |
| Source of classification or shelving scheme | Dewey Decimal Classification |
| Koha item type | Books |
| Lost status | Source of classification or shelving scheme | Damaged status | Not for loan | Collection code | Permanent Location | Current Location | Shelving location | Date acquired | Source of acquisition | Cost, normal purchase price | Total Checkouts | Full call number | Date last seen | Copy number | Koha item type | Date checked out | Total Renewals |
|---|---|---|---|---|---|---|---|---|---|---|---|---|---|---|---|---|---|
| Dewey Decimal Classification | Not For Loan | Non-fiction | Central Library, University of Rajshahi | Central Library, University of Rajshahi | Reading Room | 12/03/2017 | Biddashagor, Rajshahi | 400.00 | B 954.9205092 KHW 2016 | 11/03/2018 | C-1 | Books | |||||
| Dewey Decimal Classification | Non-fiction | Central Library, University of Rajshahi | Central Library, University of Rajshahi | 12/03/2017 | Biddashagor, Rajshahi | 400.00 | 6 | B 954.9205092 KHW 2016 | 05/10/2023 | C-2 | Books | 10/09/2023 | |||||
| Dewey Decimal Classification | Non-fiction | Central Library, University of Rajshahi | Central Library, University of Rajshahi | 12/03/2017 | Biddashagor, Rajshahi | 400.00 | 5 | B 954.9205092 KHW 2016 | 25/03/2024 | C-3 | Books | 14/03/2024 | 2 | ||||
| Dewey Decimal Classification | Non-fiction | Central Library, University of Rajshahi | Central Library, University of Rajshahi | 23/09/2019 | Vidyasagar, Rajshahi | 400.00 | 1 | B 954.9205092 KHW 2016 | 09/03/2020 | C-4 | Books | 24/02/2020 | |||||
| Dewey Decimal Classification | Non-fiction | Central Library, University of Rajshahi | Central Library, University of Rajshahi | 18/11/2021 | Rajshahi Bidasagar | 300.00 | B 954.9205092 KHW 2016 | 24/11/2021 | C-6 | Books | |||||||
| Dewey Decimal Classification | Non-fiction | Central Library, University of Rajshahi | Central Library, University of Rajshahi | 18/11/2021 | Rajshahi Bidasagar | 300.00 | B 954.9205092 KHW 2016 | 24/11/2021 | C-5 | Books | |||||||
| Dewey Decimal Classification | Non-fiction | Central Library, University of Rajshahi | Central Library, University of Rajshahi | General Stacks | 30/06/2022 | Rajshahi Bidasagar | 288.00 | B 954.9205092 KHW 2016 | 16/08/2022 | C-7 | Books |